Israeli History A-Z - Statistics

General Stats
  • This quiz has been taken 37 times
    20 since last reset
  • The average score is 15 of 26
Answer Stats
Hint Answer % Correct
A Hebrew patriarch who made a long journey from Ur to Canaan Abraham
100%
B Birthplace of Jesus Bethlehem
94%
C Series of campaigns waged by Europeans to siege Jerusalem The {Crusades}
94%
H Jewish holiday where the oil lasted for eight days Hanukkah
78%
K A communal agricultural settlement that is common in the rural parts of Israel Kibbutz
72%
G Where Jesus walked on water Sea of {Galilee}
72%
Y 1973 surprise attack from multiple Arab countries on a Jewish holy day {Yom Kippur} War
72%
Z Jewish nationalist movement that encouraged Jews to return to their homeland Zionism
72%
J Roman state that encompassed modern day Israel Judea
67%
W Wall in Jerusalem, also known as the Kotel, built in the 1st century B.C. that is one of Judaism's holiest sites {Western} Wall
67%
M First female president of modern Israel Golda Meir
61%
P British mandate that ruled over Israel and Transjordan Mandate of {Palestine}
61%
T Jewish text thought to have been revealed by God to Moses at Mount Sinai Torah
61%
X E's husband and King of Persia which controlled Israel during the 5th century B.C. Xerxes I
61%
I Palestinian uprisings against Israeli control in the '90s and 2000s Intifada
56%
O A 1993 attempt at peace signed in Washington D.C. between the Israeli and Palestinian leaders {Oslo} Accords
56%
R Prime minister assassinated after signing O with Yassir Arafat Yitzhak Rabin
56%
L Worldwide organization that in 1922, entrusted the United Kingdom to rule the area League of Nations
50%
D Religion founded in the 11th century with 1-2 million followers across the Levant Druze
44%
U Empire that constructed the Dome of the Rock {Umayyad} Caliphate
33%
E Queen of Persia, from the tribe of Benjamin, who is the central figure of the story of Purim Esther
28%
F Egyptian caliphate that ruled Israel during the 10th and 11th centuried {Fatimid} Caliphate
28%
N King of Babylon who destroyed Jerusalem's first temple Nebuchadnezzar
28%
S First king of Israel Saul
28%
V Roman general who crushed the Jewish revolt and later became emperor Vespasian
11%
Q Ancient site where the Dead Sea Scrolls were found Qumran
6%
No matching quizzes found
Score Distribution
Percent of People with Each Score
Percentile by Number Answered
Your Score History
You have not taken this quiz since the last reset